Представление документа в формате MARC21

Поле Инд. ПП Название Значение
Тип записи a
Библиографический уровень a
001 Контрольный номер 5db9218e6c5d48acb5cc1ba8c8cfd400
005 Дата корректировки 20181101111721.1
040 a Служба первич. каталог. НБ ТвГУ
b Код языка каталог. rus
e Правила каталог. PSBO
041 0_ a Код языка текста rus
097 b Оператор korjnina
098 b Факультет Географии и геоэкологии
c Кафедра Социально-экономической географии и территориального планирования
100 1_ a Автор Колбенова А. С.
245 10 a Заглавие Замки Чехии как объекты туризма
c Ответственность науч. рук. Л. П. Богданова
260 a Место издания Тверь
b Издательство Тверской государственный университет
653 0_ a Ключевые слова Туризм
a Ключевые слова Чехия
a Ключевые слова Достопримечательности Чехии
a Ключевые слова Замки Чехии
a Ключевые слова Туристская привлекательность
a Ключевые слова Историко-культурная ценность
700 12 a Другие авторы Богданова Лидия Петровна
e Роль лиц науч. рук.
q Полное имя Богданова Л. П.
773 18 w Контрольный № источника 88c493fb77d8442f94570e67be81c13d
t Название источника География, экология, туризм: научный поиск студентов и аспирантов
d Место и дата издания Тверь : Тверской государственный университет, 2017
g Прочая информация С. 154-158
901 t Тип документа a
920 a Оператор Корж